| 000 | 00874nam a2200265 a 4500 | ||
|---|---|---|---|
| 999 |
_c3051 _d3051 |
||
| 005 | 20200220082031.0 | ||
| 008 | 140307b2002 pe ||||| |||| 00| 0 spa d | ||
| 040 |
_aCO-BoIAVH _cCO-BoIAVH |
||
| 041 | _aspa | ||
| 044 | _ape | ||
| 082 | _a636 | ||
| 110 |
_aComité Biocomercio Perú _9102756 |
||
| 111 |
_aSeminario - taller internacional de zoocrianzas _cIquitos, Perú _dmarzo 21-23, 2002 _9102757 |
||
| 245 |
_aMemoria Seminario - Taller - Internacional de zoocrianzas, _bIquitos _cComité Biocomercio Perú |
||
| 260 |
_aLima _bComité Biocomercio Perú _c2002 |
||
| 300 | _a74 p. | ||
| 650 |
_aZoocría _9102758 |
||
| 650 |
_aUso sostenible de la biodiversidad _92196 |
||
| 650 |
_aCría de animales de piel _918323 |
||
| 650 |
_aCria Mariposas _939611 |
||
| 650 |
_aCria Aves _9102759 |
||
| 650 |
_aBiocomercio _9102760 |
||
| 662 | _aPerú | ||
| 942 |
_cLIBRO _2ddc _01 |
||